BSOP header

Persecution : (Record no. 4271)

MARC details
000 -LEADER
fixed length control field 00470nam a2200145 4500
008 - FIXED-LENGTH DATA ELEMENTS--GENERAL INFORMATION
fixed length control field 011005s1981 us engYA
090 ## - LOCALLY ASSIGNED LC-TYPE CALL NUMBER (OCLC); LOCAL CALL NUMBER (OCLC)
Classification number (OCLC) (R) ; Classification number, CALL (RLIN) (NR) BR1604.2
Local cutter number (OCLC) ; Book number/undivided call number, CALL (RLIN) P68p
100 1# - MAIN ENTRY--PERSONAL NAME
Personal name Pit,Jan
245 10 - TITLE STATEMENT
Title Persecution :
Remainder of title it will never happen here? /
Statement of responsibility, etc by Jan Pit.
260 ## - PUBLICATION, DISTRIBUTION, ETC. (IMPRINT)
Place of publication, distribution, etc California :
Name of publisher, distributor, etc Open Doors with Brother Andrew,
Date of publication, distribution, etc c1981.
300 ## - PHYSICAL DESCRIPTION
Extent 145 p. +
Accompanying material Bible study guide.
650 #4 - SUBJECT ADDED ENTRY--TOPICAL TERM
Topical term or geographic name as entry element Persecution.
950 0# - LOCAL HOLDINGS (RLIN)
-- .95
951 ## - EQUIVALENCE OR CROSS-REFERENCE-GEOGRAPHIC NAME/AREA NAME [OBSOLETE] [CAN/MARC only]
-- 10137
-- BR1604.2/P68p
-- 070613111006515
-- 2000-12-21
-- GC
Holdings
Withdrawn status Lost status Damaged status Not for loan Home library Current library Shelving location Date acquired Accession number Shelving control number Total Checkouts Full call number Date last seen Price effective from Koha item type
        BSOP Library BSOP Library GC 12/21/2000 10137 127   BR1604.2/P68p 02/23/2013 02/23/2013 Books
BSOP

Biblical Seminary of the Philippines
  All rights Reserved
  © 2024

CONTACT INFORMATION

Biblical Seminary of the Philippines,
  77-B Karuhatan Road, Valenzuela City,
  PHILIPPINES 1441
  Phone: +632 8292-6795 / 8292-6798
  Fax : +632 8292-6675
  Email: library@bsop.edu.ph